header

Little Bear's friend / (Record no. 262776)

MARC details
000 -LEADER
fixed length control field 00606nam a22001817a 4500
003 - CONTROL NUMBER IDENTIFIER
control field OSt
005 - DATE AND TIME OF LATEST TRANSACTION
control field 20240207105926.0
008 - FIXED-LENGTH DATA ELEMENTS--GENERAL INFORMATION
fixed length control field 240207b xxu||||| |||| 00| 0 eng d
010 ## - LIBRARY OF CONGRESS CONTROL NUMBER
LC control number 60006370
020 ## - INTERNATIONAL STANDARD BOOK NUMBER
International Standard Book Number 0060242558
040 ## - CATALOGING SOURCE
Transcribing agency DLC
050 ## - LIBRARY OF CONGRESS CALL NUMBER
Classification number PZ7
Item number .M652 1960
100 ## - MAIN ENTRY--PERSONAL NAME
Personal name Minarik, Else Holmelund,
Relator term author.
245 ## - TITLE STATEMENT
Title Little Bear's friend /
Statement of responsibility, etc by Else Holmelund Minarik ; pictures by Maurice Sendak ; by the author and artist of Little Bear.
260 ## - PUBLICATION, DISTRIBUTION, ETC. (IMPRINT)
Place of publication, distribution, etc New York :
Name of publisher, distributor, etc Harper & Brothers, publishers,
Date of publication, distribution, etc [1960]
300 ## - PHYSICAL DESCRIPTION
Extent 57 pages :
Other physical details color illustrations ;
Dimensions 23 cm.
942 ## - ADDED ENTRY ELEMENTS (KOHA)
Source of classification or shelving scheme Library of Congress Classification
Koha item type Long Loan Books
Holdings
Withdrawn status Lost status Source of classification or shelving scheme Damaged status Not for loan Collection code Home library Current library Shelving location Date acquired Total Checkouts Full call number Barcode Date last seen Price effective from Koha item type
    Library of Congress Classification     Fiction Rongo University Library Rongo University Library Children's Area 07/02/2024   PZ7 .M652 1960 CL20233134 07/02/2024 07/02/2024 Long Loan Books

© 2026 Rongo University
Contact us: librarian | system librarian | Rongo university